00706 a2200193 4500020001500000020001800015082001000033090001500043100002500058245008400083260004300167300002200210490006200232700002500294830006200319942002300381999001700404952009100421 a1584885505 a9781584885504 a005.1 c1006d1006 aGonzalez, Teofilo F.10aHandbook of approximation algorithms and metaheuristics /cTeofilo F. Gonzalez. a[S.l.] :bChapman and Hall/CRC,c2007. a1432 p. ;c26 cm.1 aChapman & hall/crc computer & information science series.1 aGonzalez, Teofilo F. 0aChapman & hall/crc computer & information science series. aSNScBKk005.1 GON c29625d29625 00104070aSNSbSNSd2016-05-26l0o005.1 GONpSNS0001188r2016-05-26w2016-05-26yBK